|
|
|
|
| LEADER |
02784nam a22004575i 4500 |
| 001 |
978-3-319-31190-6 |
| 003 |
DE-He213 |
| 005 |
20161006105301.0 |
| 007 |
cr nn 008mamaa |
| 008 |
161006s2017 gw | s |||| 0|eng d |
| 020 |
|
|
|a 9783319311906
|9 978-3-319-31190-6
|
| 024 |
7 |
|
|a 10.1007/978-3-319-31190-6
|2 doi
|
| 040 |
|
|
|d GrThAP
|
| 050 |
|
4 |
|a RC346-429.2
|
| 072 |
|
7 |
|a MJN
|2 bicssc
|
| 072 |
|
7 |
|a MED056000
|2 bisacsh
|
| 082 |
0 |
4 |
|a 616.8
|2 23
|
| 245 |
1 |
0 |
|a Case Studies in Multiple Sclerosis
|h [electronic resource] /
|c edited by Paul S. Giacomini.
|
| 264 |
|
1 |
|a Cham :
|b Springer International Publishing :
|b Imprint: Adis,
|c 2017.
|
| 300 |
|
|
|a XVII, 149 p. 14 illus.
|b online resource.
|
| 336 |
|
|
|a text
|b txt
|2 rdacontent
|
| 337 |
|
|
|a computer
|b c
|2 rdamedia
|
| 338 |
|
|
|a online resource
|b cr
|2 rdacarrier
|
| 347 |
|
|
|a text file
|b PDF
|2 rda
|
| 505 |
0 |
|
|a 1. Optic Neuritis. - 2. Myelitis -- 3. Disease-Modifying Therapies in MS -- 4. Management of Replaces with Corticosteroids -- 5. Breakthrough Disease -- 6. Progressive Multifocal Leukoencephalopathy -- 7. Induction Therapy -- 8. Diagnosing Primary Progressive Multiple Sclerosis -- 9. Symptomatic Care in Primary Progressive Multiple Sclerosis -- 10. Diagnosing Secondary Progressive Multiple Sclerosis -- 11. Walking Disability in MS -- 12. Cognitive Impairment in MS -- 13. Acute Disseminated Encephalomyelitis -- 14. Pediatric Multiple Sclerosis -- 15. Pediatric Multiple Sclerosis Mimics -- 16. Prenatal Planning with MS -- 17.MS Therapies and Pregnancy -- 18. Postpartum Issues with MS -- 19. Neuromyelitis Optica.
|
| 520 |
|
|
|a This handbook is a collection of clinical narratives that underscore the heterogeneous and unpredictable presentation of multiple sclerosis (MS) and give real-world clinical context to recent drug developments. This accessible and concise publication is intended to be used by a wide range of medical professionals, from specialist neurologists to medical trainees with an interest in neurology. An ideal clinical resource, Case Studies in Multiple Sclerosis provides an evidence-based discussion of each case, with an aim to enhance effective diagnosis and treatment of patients with MS and MS-related conditions.
|
| 650 |
|
0 |
|a Medicine.
|
| 650 |
|
0 |
|a Neuroradiology.
|
| 650 |
|
0 |
|a Neurology.
|
| 650 |
|
0 |
|a Primary care (Medicine).
|
| 650 |
1 |
4 |
|a Medicine & Public Health.
|
| 650 |
2 |
4 |
|a Neurology.
|
| 650 |
2 |
4 |
|a Neuroradiology.
|
| 650 |
2 |
4 |
|a Primary Care Medicine.
|
| 700 |
1 |
|
|a Giacomini, Paul S.
|e editor.
|
| 710 |
2 |
|
|a SpringerLink (Online service)
|
| 773 |
0 |
|
|t Springer eBooks
|
| 776 |
0 |
8 |
|i Printed edition:
|z 9783319311883
|
| 856 |
4 |
0 |
|u http://dx.doi.org/10.1007/978-3-319-31190-6
|z Full Text via HEAL-Link
|
| 912 |
|
|
|a ZDB-2-SME
|
| 950 |
|
|
|a Medicine (Springer-11650)
|